"Shallow" lyrics - Statistics

General Stats
  • This quiz has been taken 134 times
  • The average score is 153 of 205
Answer Stats
Lyrics % Correct
I
97%
in
97%
In
97%
in.
97%
me
95%
me,
95%
the
95%
you
95%
so
93%
are
91%
girl,
87%
I'm
87%
do
86%
sha
86%
somethin',
86%
Tell
86%
ha
85%
shallow
85%
shallow,
85%
shallow.
85%
more?
83%
or
83%
this
82%
world,
82%
boy,
80%
for?
80%
for
80%
modern
80%
need
80%
times
78%
And
77%
happy
77%
something
77%
something,
77%
wa
77%
deep
76%
fallin'.
76%
good
76%
now.
75%
bad
73%
all
71%
myself
71%
myself.
71%
as
69%
from
69%
Is
69%
there
69%
to
69%
watch
69%
dive
68%
end,
68%
that
68%
where
68%
never
67%
We're
67%
ground.
66%
change.
65%
searching
65%
you're
65%
far
64%
find
64%
I'll
62%
tryin'
59%
fill
58%
tired
58%
can't
57%
it
57%
they
57%
off
56%
surface
54%
aren't
53%
longin'
53%
void,
53%
meet
52%
hard
51%
low,
51%
us.
51%
hurt
49%
falling.
48%
hardcore?
47%
Crash
46%
else
46%
la
45%
fear
42%
through
42%
Ain't
40%
Oh
40%
keepin'
37%
ah.
25%
Ah
25%
No matching quizzes found
Score Distribution
Percent of People with Each Score
Percentile by Number Answered
Your Score History
You have not taken this quiz